| 000 | 01080nam a2200241 a 4500 | ||
|---|---|---|---|
| 001 | 829 | ||
| 005 | 20221127090030.0 | ||
| 008 | 050920s lsu a | 00000|ara d | ||
| 020 |
_a9960244970 : _cرس 160.00(مجموعة). |
||
| 035 | _a842 | ||
| 082 | 0 | 4 |
_a658.4012 _bهـ 573 |
| 100 | 1 | _aهل، شارلز. | |
| 245 | 1 | 2 |
_aالادارة الاستراتيجية : مدخل متكامل / _cشارلز هل، جاريث جونز ؛ ترجمة ومراجعة رفاعي محمد رفاعي، محمد سيداحمد عبدالمتعال. |
| 260 |
_aالرياض : _bدار المريخ، _c2006. |
||
| 300 |
_a2 ج : _bايض. ؛ _c24 سم. |
||
| 500 | _aترجمة لكتاب : Strategic management / Charles Hill, Gareth Jones. 4th ed. 1998. | ||
| 650 | 4 | _aادارة الاعمال. | |
| 650 | 4 | _aالادارة الاستراتيجية. | |
| 650 | 4 | _aالنجاح الاداري. | |
| 700 | 1 |
_aجونز، جاريث، _eم. مشارك. |
|
| 700 | 1 |
_aرفاعي، رفاعي محمد، _eمترجم. |
|
| 700 | 1 |
_aعبدالمتعال، محمد سيداحمد، _eمترجم. |
|
| 999 |
_c829 _d829 |
||